NLSUI OPAC header image

Capitalism in the age of globalization : (Record no. 15539)

MARC details
000 -LEADER
fixed length control field 01084cam a2200313 a 4500
001 - CONTROL NUMBER
control field 3525825
005 - DATE AND TIME OF LATEST TRANSACTION
control field 20260411072354.0
008 - FIXED-LENGTH DATA ELEMENTS--GENERAL INFORMATION
fixed length control field 960726s1997 enk b 001 0 eng
010 ## - LIBRARY OF CONGRESS CONTROL NUMBER
LC control number 96034226
020 ## - INTERNATIONAL STANDARD BOOK NUMBER
International Standard Book Number 1856494675
020 ## - INTERNATIONAL STANDARD BOOK NUMBER
International Standard Book Number 9781856494670
035 ## - SYSTEM CONTROL NUMBER
System control number 3525825
040 ## - CATALOGING SOURCE
Original cataloging agency DLC
Transcribing agency DLC
Modifying agency DLC
082 ## - DEWEY DECIMAL CLASSIFICATION NUMBER
Classification number 330.122 AMI
100 1# - MAIN ENTRY--PERSONAL NAME
Personal name Amin, Samir
245 10 - TITLE STATEMENT
Title Capitalism in the age of globalization :
Remainder of title the management of contemporary society /
Statement of responsibility, etc. Samir Amin.
260 ## - PUBLICATION, DISTRIBUTION, ETC.
Place of publication, distribution, etc. Delhi :
Name of publisher, distributor, etc. Madhyam Books,
Date of publication, distribution, etc. 1997.
300 ## - PHYSICAL DESCRIPTION
Extent xii, 158 p. ;
Dimensions 23 cm.
365 ## - TRADE PRICE
Price amount Rs. 175
504 ## - BIBLIOGRAPHY, ETC. NOTE
Bibliography, etc. note Includes bibliographical references and index.
650 #0 - SUBJECT ADDED ENTRY--TOPICAL TERM
Topical term or geographic name entry element Capitalism.
650 #0 - SUBJECT ADDED ENTRY--TOPICAL TERM
Topical term or geographic name entry element Business cycles.
650 #0 - SUBJECT ADDED ENTRY--TOPICAL TERM
Topical term or geographic name entry element Competition, International.
856 41 - ELECTRONIC LOCATION AND ACCESS
Materials specified Table of contents
Uniform Resource Identifier <a href="http://www.loc.gov/catdir/toc/hol052/96034226.html">http://www.loc.gov/catdir/toc/hol052/96034226.html</a>
906 ## - LOCAL DATA ELEMENT F, LDF (RLIN)
a 7
b cbc
c orignew
d 1
e ocip
f 19
g y-gencatlg
942 ## - ADDED ENTRY ELEMENTS (KOHA)
Source of classification or shelving scheme Dewey Decimal Classification
Koha item type BOOKs
Holdings
Withdrawn status Lost status Damaged status Not for loan Home library Current library Shelving location Date acquired Cost, normal purchase price Total Checkouts Full call number Barcode Date last seen Price effective from Koha item type
        . . Library Compactors 30.05.2017 175.00   330.122 AMI 14300 30.05.2017 30.05.2017 BOOKs
        . .   30.05.2017 175.00   330.122 AMI-2 15273 30.05.2017 30.05.2017 BOOKs
        . . Library Compactors 30.05.2017 175.00   330.122 AMI-3 15543 30.05.2017 30.05.2017 BOOKs